Probabilidad y estadística para ingeniería y ciencias / (Registro nro. 29558)
[ vista simple ]
| 000 -LÍDER | |
|---|---|
| fixed length control field | 00683nam a22002177a 4500 |
| 003 - IDENTIFICADOR DEL NÚMERO DE CONTROL | |
| control field | ITZ |
| 005 - FECHA Y HORA DE LA ULTIMA TRANSACCIÓN | |
| Campo de control | 20240923140542.0 |
| 008 - ELEMENTOS DE LONGITUD FIJA -- INFORMACIÓN GENERAL | |
| fixed length control field | 240923b |||||||| |||| 00| 0 spa d |
| 020 ## - NÚMERO INTERNACIONAL NORMALIZADO PARA LIBROS | |
| ISBN | 978-607-32-5667-4 |
| 035 ## - Número de ficha (Janium) | |
| Número de ficha (Janium) | 17843 |
| 041 ## - CÓDIGO DE IDIOMA | |
| Código de idioma para texto/pista de sonido o título separado | spa |
| 050 ## - SIGNATURA TOPOGRAFICA DE LA BIBLIOTECA DEL CONGRESO (LC) | |
| Número de Clasificación | TA340 |
| Cutter | W31918 2022 |
| 082 ## - NUMERO DE CLASIFICACION DECIMAL DEWEY | |
| Número de Clasificación | 519.5 |
| Cutter | W125p 2022 |
| 100 1# - ASIENTO PRINCIPAL--NOMBRE PERSONAL | |
| Nombre personal | Walpole, Ronald E. [et. al] |
| 245 ## - TÍTULO | |
| Título | Probabilidad y estadística para ingeniería y ciencias / |
| Mención de responsabilidad, etc. | Ronald E. Walpole, Raymond H. Myers, Sharon L. Myers y Keying Ye |
| 250 ## - MENCIÓN DE EDICIÓN | |
| Mención de edición | 1español |
| Resto de la mención de edición | 10 en ingles |
| 260 ## - PUBLICACIÓN, DISTRIBUCIÓN, ETC. (PIE DE IMPRENTA) | |
| Lugar de publicación, distribución, etc. | México: |
| Nombre del editor, distribuidor, etc. | Pearson educación, |
| Fecha de publicación, distribución, etc. | 2022. |
| 300 ## - DESCRIPCIÓN FÍSICA | |
| Extensión | 791 p. |
| Otros detalles físicos | il. / |
| Dimensiones | 27 cm. |
| 650 ## - ASIENTO SECUNDARIO DE MATERIA - TERMINO TEMÁTICO | |
| Término temático o nombre geográfico como elemento de entrada | 1. PROBABILIDAD \ 2. ESTADÍSTICA |
| 942 ## - TIPO DE MATERIAL (KOHA) | |
| Koha item type | Libros |
| No. biblioteca | No. biblioteca | Número de clasificación | Código de barras/Número de adquisición | Número de copia | Tipo de material | Otras carreras |
|---|---|---|---|---|---|---|
| ÁREA DE BÁSICAS | LUIS G. INCLAN | 519.5 W125p 2022 | 55217 | 1 | Libros | LUIS G. INCLAN |
| ÁREA DE BÁSICAS | ÁREA DE BÁSICAS | 519.5 W125p 2022 | 55218 | 2 | Libros | LUIS G. INCLAN |
| ÁREA DE BÁSICAS | ÁREA DE BÁSICAS | 519.5 W125p 2022 | 55219 | 3 | Libros | LUIS G. INCLAN |
